Ricostruisci la Carriera del Calciatore - Lucas Biglia - Statistics

Statistiche generali
  • Questo quiz è stato fatto 6 volte
  • Il punteggio medio è 5 su 7
Statistiche sulle risposte
Hint Risposta % Corretto
2017-2020 Milan
100%
2003-2005 Argentinos Juniors
80%
2005-2006 Independiente
80%
2013-2017 Lazio
80%
2006-2013 Anderlecht
60%
2022-2023 İstanbul Başakşehir
40%
2020-2022 Fatih Karagümrük
20%
Nessun quiz corrispondente trovato
Distribuzione punteggi
Percentuale di utenti per punteggio
Percentile per numero di risposta
I tuoi punteggi nel tempo
Non hai fatto questo quiz